000 01002nam a2200265 i 4500
005 20210818181952.0
008 s2004 ck gr 000 0dspa d
020 _a9586650715
040 _aCOMFC
_bspa
_erda
100 1 _94593
_aSerna Arango, Julián
_eaut
245 1 0 _aFilosofía, literatura y giro lingüístico
_buna nueva síntesis
_cJulián Serna Arango
264 0 1 _aBogotá
_bSiglo del Hombre Editores
_bUniversidad Tecnológica de Pereira
_c2004
300 _a174 páginas
336 _2rdacontent
_atxt
337 _2rdamedia
_an
338 _2rdacarrier
_anc
490 _952807
_aColección Espacios. Filosofía y Literatura
500 _aIncluye datos biográficos del autor
082 0 4 _a801.95
_bS486f
600 0 _948820
_aBorges, Jorge Luis
_d1899-1986
_xCrítica e Interpretación
650 0 _921154
_aLinguistica
650 0 _915846
_aFilosofia en la Literatura
650 0 _915838
_aFilosofia del Lenguaje
942 _2ddc
_h801.95 S486f
_k801.95
_mS486f
999 _c13622
_d13622